000 00292nam a2200121Ia 4500
008 190216s9999||||xx |||||||||||||| ||und||
100 _aAtkins P T
245 0 _aElements Of Physical Chemistry
260 _bOxford University Press
_c2001
300 _a548p
650 _aChemistry
942 _cBK
999 _c3027
_d3027